00249nam a2200097Ia 4500008004100000100002300041245003900064260002400103942000700127999001700134190216s9999||||xx |||||||||||||| ||und|| aDr.Bolanth Thivari 0aHindi-Hindi Bashaki Saral Vyakaran bRajakamal Prakashan cBK c17497d17497